000 00423 a2200097 4500
082 _a363.125 BOB
100 _aBobevski, Irene
245 _aGeneralised Linear Modelling of Crashes and Injury Severity in the Context of the Speed Related Initiatives in Victoria During 2000-2002 /
_cIrene Bobevski...[et al]
260 _aAustralia :
_bMonash University Accident Research Centre,
_c2007
300 _ax, 94p. :
_bill. ;
_c30 cm
650 _aCrash Models, Speed
999 _c2188
_d2188